Statistics for Taylor Swift Songs with Names in the Title

Click here to take the quiz!

General Stats

  • This quiz has been taken 866 times
  • The average score is 6 of 8

Answer Stats

AlbumSong% Correct
Folklorebetty
92%
Speak NowDear John
91%
Taylor SwiftTim McGraw
91%
Evermoremarjorie
81%
Evermoredorothea
79%
FearlessHey Stephen
76%
Taylor SwiftMary's Song (Oh My My My)
70%
Charity SingleRonan
49%

Score Distribution

Percentile by Number Answered

Percent of People with Each Score

Your Score History

You have not taken this quiz